Statistics for Formula 1 drivers who entered at least 100 F1 Grands Prix

Click here to take the quiz!

General Stats

  • This quiz has been taken 1,725 times
    (995 since last reset)
  • The average score is 41 of 75

Answer Stats

Races Name Active years Nationality % Correct
216Lewis Hamilton2007–presentUnited Kingdom
97%
301Fernando Alonso2001, 2003–presentSpain
96%
281Kimi Räikkönen2001–09, 2012–presentFinland
94%
309Jenson Button2000–17United Kingdom
94%
114Jochen Mass1973–80, 1982Germany
93%
308Michael Schumacher1991–2006, 2010–12Germany
91%
162Ayrton Senna1984–94Brazil
90%
207Sebastian Vettel2007–presentGermany
90%
202Alain Prost1980–91, 1993France
89%
326Rubens Barrichello1993–2011Brazil
88%
272Felipe Massa2002, 2004–17Brazil
88%
217Mark Webber2002–13Australia
86%
177Niki Lauda1971–79, 1982–85Austria
84%
165Mika Häkkinen1991–2001Finland
79%
247David Coulthard1994–2008United Kingdom
79%
206Nico Rosberg2006–16Germany
78%
182Ralf Schumacher1997–2007Germany
77%
137Daniel Ricciardo2011–presentAustralia
77%
191Nigel Mansell1980–92, 1994–95United Kingdom
76%
145Sergio Pérez2011–presentMexico
76%
145Nico Hülkenberg2010, 2012–presentGermany
74%
207Nelson Piquet1978–91Brazil
73%
107Jos Verstappen1994–98, 2000–01, 2003Netherlands
72%
128Keke Rosberg1978–86Finland
71%
106Valtteri Bottas2013–presentFinland
71%
122Damon Hill1992–99United Kingdom
70%
231Giancarlo Fisichella1996–2009Italy
70%
165Jacques Villeneuve1996–2006Canada
69%
256Jarno Trulli1997–2011Italy
69%
132Romain Grosjean2009, 2012–presentFrance
67%
149Emerson Fittipaldi1970–80Brazil
62%
179Graham Hill1958–75United Kingdom
61%
210Gerhard Berger1984–97Austria
60%
100Jackie Stewart1965–73United Kingdom
60%
131Mario Andretti1968–72, 1974–82United States
59%
202Jean Alesi1989–2001France
58%
112Heikki Kovalainen2007–13Finland
57%
128Jack Brabham1955–70Australia
54%
185Nick Heidfeld2000–11Germany
53%
257Riccardo Patrese1977–93Italy
52%
113Jody Scheckter1972–80South Africa
50%
117Alan Jones1975–81, 1983, 1985–86Australia
50%
158Olivier Panis1994–99, 2001–04France
49%
160Heinz-Harald Frentzen1994–2003Germany
48%
128Adrian Sutil2007–11, 2013–14Germany
48%
123Ronnie Peterson1970–78Sweden
47%
111Mika Salo1994–2000, 2002Finland
47%
107Pedro de la Rosa1999–2002, 2005–06, 2010–12Spain
46%
148Eddie Irvine1993–2002United Kingdom
45%
165Johnny Herbert1989–2000United Kingdom
45%
122Jacky Ickx1967–79Belgium
43%
112Denny Hulme1965–74New Zealand
43%
165Martin Brundle1984–89, 1991–96United Kingdom
42%
104Bruce McLaren1958–70New Zealand
40%
165René Arnoux1978–89France
39%
139Clay Regazzoni1970–80Switzerland
38%
215Michele Alboreto1981–94Italy
37%
146Carlos Reutemann1972–82Argentina
37%
164Thierry Boutsen1983–93Belgium
35%
214Andrea de Cesaris1980–94Italy
34%
113John Surtees1960–72United Kingdom
26%
109Elio de Angelis1979–86Italy
25%
180Jacques Laffite1974–86France
24%
154John Watson1973–83, 1985United Kingdom
23%
103Stefan Johansson1980, 1983–91Sweden
20%
123Patrick Tambay1977–79, 1981–86France
19%
108Chris Amon1963–76New Zealand
17%
143Eddie Cheever1978, 1980–89United States
15%
100Jo Siffert1962–71Switzerland
14%
162Derek Warwick1981–90, 1993United Kingdom
13%
108Jo Bonnier1956–71Sweden
13%
124Pierluigi Martini1984–85, 1988–95Italy
11%
143Jean-Pierre Jarier1971, 1973–83France
8%
116Philippe Alliot1984–90, 1993–94France
5%
111Piercarlo Ghinzani1981, 1983–89Italy
3%

Score Distribution

Percentile by Number Answered

Percent of People with Each Score

Your Score History

You have not taken this quiz since the last reset